[Event "BPB Limburg open"]
[Site "Maastricht"]
[Date "2015.05.22"]
[Round "1"]
[White "Van Foreest, Jorden"]
[Black "Mollema, Thomas"]
[Result "1-0"]
[WhiteElo "2519"]
[BlackElo "2262"]
[PlyCount "73"]
[EventDate "2015.05.22"]
[EventType "swiss"]
[EventRounds "7"]
[EventCountry "NED"]
[Source "P.Boonen"]
[SourceDate "2015.10.01"]

1. c4 f5 2. Nf3 Nf6 3. g3 g6 4. Bg2 Bg7 5. O-O O-O 6. d4 d6 7. Nc3 Qe8 8. d5 a5
9. Re1 Na6 10. Nd4 Bd7 11. b3 c6 12. Bb2 Nc5 13. Qd2 Nce4 14. Qd3 g5 15. Nxe4
Nxe4 16. Rab1 Nc5 17. Qd2 f4 18. e3 fxg3 19. hxg3 e5 20. dxe6 Bxe6 21. e4 h6
22. Nf5 Bxf5 23. Bxg7 Kxg7 24. exf5 Qd7 25. Bh3 Rf6 26. Re2 Re8 27. Rbe1 Rxe2
28. Rxe2 Qd8 29. Qe1 Kf8 30. Bg4 Nd3 31. Qd2 Nc5 32. Bh5 Kg7 33. Qe1 Rf8 34.
Re7+ Kf6 35. Qc3+ Kxe7 36. Qg7+ Rf7 37. Qxf7# 1-0

[Event "BPB Limburg open"]
[Site "Maastricht"]
[Date "2015.05.22"]
[Round "1"]
[White "Van Foreest, Lucas"]
[Black "Heemskerk, Wim"]
[Result "0-1"]
[WhiteElo "2312"]
[BlackElo "2199"]
[PlyCount "83"]
[EventDate "2015.05.22"]
[EventType "swiss"]
[EventRounds "7"]
[EventCountry "NED"]
[Source "P.Boonen"]
[SourceDate "2015.10.01"]

1. e4 c5 2. Nf3 e6 3. d3 Nc6 4. g3 d5 5. Qe2 Nf6 6. Bg2 Be7 7. O-O b6 8. e5 Nd7
9. Re1 Bb7 10. c4 d4 11. h4 h6 12. Na3 a6 13. Bd2 Qc7 14. Rac1 g5 15. hxg5 hxg5
16. g4 O-O-O 17. Nc2 Rdg8 18. b4 cxb4 19. Ncxd4 Ndxe5 20. Nxc6 Qxc6 21. Qxe5
Qxf3 22. Qd5 Qxg2+ 23. Kxg2 exd5 24. cxd5+ Kd8 25. Re5 f6 26. Rf5 Bc8 27. d6
Bxd6 28. Rxf6 Ke7 29. Rc6 Kxf6 30. Rxd6+ Kf7 31. Rxb6 Rg6 32. Rxb4 Rd8 33. d4
Bxg4 34. Be3 Be6 35. a4 Bd5+ 36. Kg3 g4 37. Bf4 Bf3 38. Be5 Rc6 39. Rb7+ Ke6
40. Rg7 Rd5 41. Rb7 Ra5 42. Rb4 0-1

[Event "BPB Limburg open"]
[Site "Maastricht"]
[Date "2015.05.22"]
[Round "1"]
[White "Van Osch, Mees"]
[Black "Braun, Christian1"]
[Result "1/2-1/2"]
[WhiteElo "2248"]
[BlackElo "2424"]
[PlyCount "113"]
[EventDate "2015.05.22"]
[EventType "swiss"]
[EventRounds "7"]
[EventCountry "NED"]
[Source "P.Boonen"]
[SourceDate "2015.10.01"]

1. e4 e6 2. d4 d5 3. Nc3 Nf6 4. e5 Nfd7 5. f4 c5 6. Nf3 Nc6 7. Be3 a6 8. Qd2 b5
9. a3 g5 10. fxg5 cxd4 11. Nxd4 Ncxe5 12. Bd3 Bb7 13. O-O Bg7 14. Kh1 Rc8 15.
a4 bxa4 16. Nxa4 Nxd3 17. cxd3 O-O 18. Qe2 a5 19. Rf3 Ba6 20. Rh3 Qe8 21. Nc3
Nc5 22. Bg1 f5 23. gxf6 Rxf6 24. Rxa5 Bxd3 25. Rxd3 Nxd3 26. Qxd3 Qg6 27. Qe2
Qf7 28. Ra6 Re8 29. Nf3 Qh5 30. Ra1 Rf4 31. Ra6 Rf6 32. Ra4 Ref8 33. Bd4 Rg6
34. Bxg7 Kxg7 35. h3 Qf5 36. Qe5+ Qxe5 37. Nxe5 Rg3 38. Nf3 Rb8 39. Ne2 Rg6 40.
Nf4 Rh6 41. g4 Rb3 42. Ra7+ Kg8 43. Ra8+ Kg7 44. Ra7+ Kg8 45. Ng5 Rf6 46. Nfxe6
Rxe6 47. Ra8+ Kg7 48. Nxe6+ Kf6 49. Nf4 Kg5 50. Rf8 Kh4 51. Nxd5 Kxh3 52. Rf2
Kxg4 53. Nf6+ Kg3 54. Ne4+ Kg4 55. Kg2 h5 56. Nf6+ Kg5 57. Ne4+ 1/2-1/2

[Event "BPB Limburg open"]
[Site "Maastricht"]
[Date "2015.05.22"]
[Round "1"]
[White "Van Veen, Oscar"]
[Black "Ernst, Sipke"]
[Result "0-1"]
[WhiteElo "2265"]
[BlackElo "2523"]
[PlyCount "84"]
[EventDate "2015.05.22"]
[EventType "swiss"]
[EventRounds "7"]
[EventCountry "NED"]
[Source "P.Boonen"]
[SourceDate "2015.10.01"]

1. e4 e5 2. Nf3 Nc6 3. d4 exd4 4. Nxd4 Nf6 5. Nxc6 bxc6 6. e5 Qe7 7. Qe2 Nd5 8.
c4 Ba6 9. b3 g6 10. f4 d6 11. Qd2 Nf6 12. Qa5 Bb7 13. Be2 dxe5 14. Ba3 c5 15.
O-O O-O-O 16. Nc3 a6 17. Rae1 e4 18. Na4 Nd7 19. Rd1 f5 20. Rd5 Qe6 21. Rfd1
Bd6 22. Bc1 Rhf8 23. Be3 g5 24. g3 gxf4 25. Rxd6 cxd6 26. Bxf4 Ne5 27. Nb6+ Kb8
28. Nd5 Qc8 29. b4 cxb4 30. Qxb4 Rfe8 31. Be3 Qc6 32. Rb1 f4 33. gxf4 Nd3 34.
Qc3 Rg8+ 35. Kh1 Rd7 36. Bxd3 exd3 37. Qd4 Kc8 38. Qxd3 Rdd8 39. Rg1 Qe8 40.
Bf2 Rxg1+ 41. Kxg1 Bxd5 42. Qxd5 Qg6+ 0-1

[Event "BPB Limburg open"]
[Site "Maastricht"]
[Date "2015.05.22"]
[Round "1"]
[White "Van den Hatert, Roy"]
[Black "Vreugdenhil, Frans"]
[Result "1-0"]
[WhiteElo "2118"]
[BlackElo "2009"]
[PlyCount "87"]
[EventDate "2015.05.22"]
[EventType "swiss"]
[EventRounds "7"]
[EventCountry "NED"]
[Source "P.Boonen"]
[SourceDate "2015.10.01"]

1. e4 e5 2. Nf3 Nc6 3. Bc4 Nf6 4. Ng5 Bc5 5. Bxf7+ Ke7 6. Bb3 Rf8 7. O-O d6 8.
d3 h6 9. Nf3 Bg4 10. h3 Bxf3 11. Qxf3 Qe8 12. Nc3 Nd4 13. Qd1 Nh5 14. Be3 c6
15. Ne2 Qg6 16. Bxd4 Bxd4 17. Nxd4 exd4 18. Qg4 Qxg4 19. hxg4 Nf6 20. f3 Rae8
21. Kh2 Kd7 22. Rae1 Re7 23. Kg3 Rfe8 24. Rd1 Kc7 25. f4 Nh7 26. Rh1 Nf6 27.
Rh3 Kd7 28. Kf3 Kc7 29. Rdh1 Rf8 30. Rg3 Nh7 31. f5 Rfe8 32. Re1 d5 33. Kf4 Re5
34. c3 c5 35. cxd4 cxd4 36. Rc1+ Kd6 37. Bxd5 R8e7 38. Rc4 Nf6 39. Rxd4 Nxd5+
40. Rxd5+ Rxd5 41. exd5 Re2 42. g5 Kxd5 43. f6 gxf6 44. gxh6 1-0

[Event "BPB Limburg open"]
[Site "Maastricht"]
[Date "2015.05.22"]
[Round "1"]
[White "Van der Auweraert, Elwin"]
[Black "Johannessen, Leif Erlend"]
[Result "1/2-1/2"]
[WhiteElo "2260"]
[BlackElo "2515"]
[PlyCount "87"]
[EventDate "2015.05.22"]
[EventType "swiss"]
[EventRounds "7"]
[EventCountry "NED"]
[Source "P.Boonen"]
[SourceDate "2015.10.01"]

1. e4 e5 2. Nf3 Nc6 3. Bb5 a6 4. Ba4 Nge7 5. Nc3 d6 6. h3 b5 7. Bb3 Na5 8. O-O
Bb7 9. d3 Nxb3 10. axb3 g6 11. Nh2 Bg7 12. f4 exf4 13. Bxf4 O-O 14. Bg5 f6 15.
Bh4 Qd7 16. Qd2 Rae8 17. Rae1 f5 18. Bg5 b4 19. Nd1 fxe4 20. Rxf8+ Rxf8 21.
dxe4 Nc6 22. Ng4 h5 23. Nge3 Nd4 24. Nc4 Qf7 25. Be3 Nc6 26. Nf2 Kh7 27. Nd3
Re8 28. Bf4 Nd4 29. e5 dxe5 30. Bxe5 Qd5 31. Nxb4 Qc5 32. Kh1 Nf3 33. gxf3
Bxf3+ 34. Kh2 Bxe5+ 35. Rxe5 Rxe5 36. Nd3 Qxc4 37. Nxe5 Qd5 38. Qg5 Be4 39.
Qe7+ Kg8 40. Qe8+ Kg7 41. Qe7+ Kg8 42. Qe8+ Kg7 43. Qe7+ Kg8 44. Qe8+ 1/2-1/2

[Event "BPB Limburg open"]
[Site "Maastricht"]
[Date "2015.05.22"]
[Round "1"]
[White "Van der Valk, Niklas"]
[Black "Van Laatum, Maarten"]
[Result "0-1"]
[WhiteElo "2128"]
[BlackElo "2023"]
[PlyCount "70"]
[EventDate "2015.05.22"]
[EventType "swiss"]
[EventRounds "7"]
[EventCountry "NED"]
[Source "P.Boonen"]
[SourceDate "2015.10.01"]

1. d4 d5 2. c4 c6 3. e3 Nf6 4. Nf3 e6 5. b3 Bd6 6. Bb2 O-O 7. Bd3 Nbd7 8. Nbd2
b6 9. Ne5 Bb7 10. O-O Rc8 11. f4 Qe7 12. Rf3 c5 13. Nxd7 Nxd7 14. Bxh7+ Kxh7
15. Rh3+ Kg8 16. dxc5 f6 17. cxd6 Qxd6 18. Nf3 Qe7 19. Nh4 Rfe8 20. Ng6 Qc5 21.
a4 Qc6 22. cxd5 Qxd5 23. Qxd5 Bxd5 24. Rh8+ Kf7 25. Rxe8 Kxe8 26. Nh4 Rc2 27.
Ba3 Bxb3 28. Nf3 Bd5 29. Bb4 a5 30. Be1 Nc5 31. Bf2 Ne4 32. Bg3 Nc3 33. h4 Bc6
34. Be1 Rb2 35. Rc1 Ne2+ 0-1

[Event "BPB Limburg open"]
[Site "Maastricht"]
[Date "2015.05.22"]
[Round "1"]
[White "Wecker, Martin"]
[Black "Stiefel, Roland"]
[Result "0-1"]
[WhiteElo "2122"]
[BlackElo "2019"]
[PlyCount "124"]
[EventDate "2015.05.22"]
[EventType "swiss"]
[EventRounds "7"]
[EventCountry "NED"]
[Source "P.Boonen"]
[SourceDate "2015.10.01"]

1. Nf3 c5 2. c4 Nf6 3. Nc3 e6 4. d4 cxd4 5. Nxd4 a6 6. e4 Qc7 7. Be3 d6 8. Be2
Be7 9. O-O O-O 10. Rc1 Nbd7 11. b4 Re8 12. f3 Nb6 13. a4 Bd7 14. a5 Nc8 15. Nb3
Qb8 16. Qd2 Rd8 17. Qb2 d5 18. c5 dxe4 19. fxe4 Bc6 20. Qc2 Na7 21. Bf4 Qc8 22.
Rcd1 Rxd1 23. Rxd1 Qe8 24. Nd4 Bf8 25. Bc7 Rc8 26. Bb6 Nb5 27. Bxb5 axb5 28.
Qe2 Nd7 29. Ndxb5 Nxb6 30. axb6 Qe7 31. Na7 Ra8 32. Ncb5 Qg5 33. Nc7 Rb8 34.
Nxc6 bxc6 35. e5 Qf4 36. Na6 Rb7 37. g3 Qg5 38. Kh1 h5 39. Qe4 h4 40. gxh4 Qh5
41. Rd8 Qh6 42. Rd1 Qh5 43. Rd8 Qh6 44. Qd4 g6 45. Qg4 Qc1+ 46. Rd1 Qe3 47. Qg2
Qxe5 48. Qxc6 Qe2 49. Ra1 Rd7 50. b7 Rd5 51. Qxd5 exd5 52. b8=Q Qe4+ 53. Kg1
Qd4+ 54. Kg2 Qxa1 55. Qb5 Qe5 56. Qd3 Be7 57. b5 d4 58. c6 Bd6 59. b6 Qd5+ 60.
Qf3 Qa2+ 61. Qf2 Qxa6 62. c7 Bxc7 0-1

[Event "BPB Limburg open"]
[Site "Maastricht"]
[Date "2015.05.22"]
[Round "1"]
[White "Zult, Daan"]
[Black "Martens, Martin"]
[Result "1-0"]
[WhiteElo "2237"]
[BlackElo "2417"]
[PlyCount "91"]
[EventDate "2015.05.22"]
[EventType "swiss"]
[EventRounds "7"]
[EventCountry "NED"]
[Source "P.Boonen"]
[SourceDate "2015.10.01"]

1. c4 g6 2. g3 Bg7 3. Bg2 e5 4. Nc3 d6 5. e4 Ne7 6. Nge2 O-O 7. d4 Nd7 8. f4
exd4 9. Nxd4 Nb6 10. Qd3 f5 11. Be3 fxe4 12. Nxe4 Nf5 13. Bf2 Na4 14. Nxf5 gxf5
15. Ng5 c6 16. O-O Nxb2 17. Qb3 h6 18. Nf3 Qa5 19. Nd4 Na4 20. Rae1 Nc5 21. Qd1
Qc7 22. Nb3 Ne4 23. Bd4 Nf6 24. c5 b6 25. cxd6 Qxd6 26. Qa1 Ba6 27. Be5 Qd7 28.
Rd1 Qf7 29. Rfe1 Ne4 30. Bxg7 Qxg7 31. Qxg7+ Kxg7 32. Nd4 Rae8 33. Nxf5+ Rxf5
34. Rxe4 Rxe4 35. Bxe4 Ra5 36. Rd7+ Kf8 37. Rxa7 c5 38. Bb1 c4 39. Kf2 Rb5 40.
Bg6 Bc8 41. Ke3 Be6 42. f5 Bd5 43. Kd4 Rc5 44. f6 Be6 45. Re7 Rd5+ 46. Ke4 1-0

[Event "BPB Limburg open"]
[Site "Maastricht"]
[Date "2015.05.23"]
[Round "2"]
[White "Balje, Jan"]
[Black "Van Osch, Mees"]
[Result "0-1"]
[WhiteElo "2203"]
[BlackElo "2248"]
[PlyCount "80"]
[EventDate "2015.05.22"]
[EventType "swiss"]
[EventRounds "7"]
[EventCountry "NED"]
[Source "P.Boonen"]
[SourceDate "2015.10.01"]

1. Nf3 Nf6 2. c4 e6 3. g3 d5 4. d4 dxc4 5. Bg2 Nc6 6. Qa4 Bb4+ 7. Bd2 Bxd2+ 8.
Nbxd2 O-O 9. Qxc4 Qd5 10. O-O Qxc4 11. Nxc4 Rd8 12. e3 Bd7 13. Rfc1 Rac8 14. a3
Nd5 15. b4 Nb6 16. Nfe5 Nxe5 17. Nxe5 Nd5 18. Rc5 b6 19. Rcc1 Ba4 20. Nc6 Bxc6
21. Rxc6 Rd6 22. Rc4 Rd7 23. b5 Kf8 24. a4 Ke7 25. Rac1 Kd8 26. e4 Ne7 27. f4
Ra8 28. Kf2 a6 29. bxa6 Rxa6 30. R1c2 Ra5 31. h4 Nc8 32. Ke3 h6 33. Bf3 Nd6 34.
Rb4 Ke7 35. g4 c5 36. dxc5 bxc5 37. Rb3 Rxa4 38. Rxc5 Nc4+ 39. Kf2 Ra2+ 40. Kg3
Nd2 0-1

[Event "BPB Limburg open"]
[Site "Maastricht"]
[Date "2015.05.23"]
[Round "2"]
[White "Bauer, Christian"]
[Black "Leenhouts, Koen"]
[Result "1/2-1/2"]
[WhiteElo "2624"]
[BlackElo "2401"]
[PlyCount "102"]
[EventDate "2015.05.22"]
[EventType "swiss"]
[EventRounds "7"]
[EventCountry "NED"]
[Source "P.Boonen"]
[SourceDate "2015.10.01"]

1. b3 e5 2. Bb2 Nc6 3. e3 Nf6 4. c4 Be7 5. a3 O-O 6. Qc2 d5 7. cxd5 Nxd5 8. Nf3
f6 9. Be2 Be6 10. O-O Qd7 11. b4 a6 12. d3 Kh8 13. Nbd2 Nb6 14. Rfd1 Bd6 15. d4
exd4 16. Nxd4 Nxd4 17. Bxd4 Qf7 18. Bf3 Rab8 19. Rac1 Nd7 20. Qc3 Ne5 21. Be2
Nc6 22. Bc5 Be5 23. Qc2 Rfd8 24. f4 Bd6 25. Bf3 Bxc5 26. Qxc5 Bd5 27. Ne4 Bb3
28. Rd2 Rxd2 29. Nxd2 Rd8 30. Bxc6 bxc6 31. Qc3 Be6 32. Ne4 Bd5 33. Nc5 Qg6 34.
Qc2 f5 35. h3 Re8 36. Re1 h6 37. Kh2 Ra8 38. g4 Qf6 39. gxf5 a5 40. e4 Bg8 41.
Qf2 axb4 42. axb4 Qc3 43. Re2 Ra1 44. Qe3 Qxb4 45. f6 Ra3 46. Qg1 g5 47. Rc2
Rc3 48. Rxc3 Qxc3 49. fxg5 Qe5+ 50. Kh1 hxg5 51. Qf2 Bf7 1/2-1/2

[Event "BPB Limburg open"]
[Site "Maastricht"]
[Date "2015.05.23"]
[Round "2"]
[White "Beeke, Bobby"]
[Black "Roos, Adrian"]
[Result "1/2-1/2"]
[WhiteElo "2250"]
[BlackElo "2229"]
[PlyCount "68"]
[EventDate "2015.05.22"]
[EventType "swiss"]
[EventRounds "7"]
[EventCountry "NED"]
[Source "P.Boonen"]
[SourceDate "2015.10.01"]

1. c4 Nf6 2. Nf3 e6 3. Nc3 Bb4 4. Qc2 O-O 5. a3 Bxc3 6. Qxc3 d6 7. g3 e5 8. Bg2
c5 9. d3 Nc6 10. O-O h6 11. b4 Bg4 12. bxc5 dxc5 13. Be3 Qe7 14. Rfe1 Rad8 15.
Nd2 Nd4 16. f3 Bd7 17. Bf2 Bc6 18. e3 Ne6 19. Rad1 Qc7 20. Nf1 Ba4 21. Rd2 a6
22. g4 Nd7 23. Ng3 Rfe8 24. Nf5 f6 25. h4 b5 26. h5 Nb6 27. Rb2 Nc8 28. Bg3 Qd7
29. Bf1 Nd6 30. Nxd6 Qxd6 31. Be2 Re7 32. Reb1 Red7 33. Kg2 Qc6 34. Bf2 Qa8
1/2-1/2

[Event "BPB Limburg open"]
[Site "Maastricht"]
[Date "2015.05.23"]
[Round "2"]
[White "Beukema, Stefan"]
[Black "Muhren, Bianca"]
[Result "1-0"]
[WhiteElo "2347"]
[BlackElo "2345"]
[PlyCount "103"]
[EventDate "2015.05.22"]
[EventType "swiss"]
[EventRounds "7"]
[EventCountry "NED"]
[Source "P.Boonen"]
[SourceDate "2015.10.01"]

1. f4 d5 2. Nf3 g6 3. g3 Bg7 4. Bg2 c6 5. e3 h5 6. O-O Nh6 7. d3 Nd7 8. Nc3 Nf5
9. e4 dxe4 10. dxe4 Qb6+ 11. Kh1 Ne3 12. Bxe3 Qxe3 13. e5 Nf8 14. Nd4 Bg4 15.
Re1 Qxc3 16. bxc3 Bxd1 17. Rexd1 O-O-O 18. Rab1 Kc7 19. Rb4 a5 20. Rc4 Ne6 21.
Nxe6+ fxe6 22. Rxd8 Rxd8 23. h4 Rd1+ 24. Kh2 Rd2 25. Kh3 Rxc2 26. a4 Kd7 27.
Be4 Ra2 28. Bxg6 b5 29. axb5 cxb5 30. Rc5 b4 31. cxb4 axb4 32. Bxh5 Rd2 33. Bf3
b3 34. Rb5 b2 35. Kg4 Ke8 36. Rb8+ Kf7 37. Kg5 Bf8 38. Be4 Re2 39. Bg6+ Kg7 40.
h5 Rh2 41. g4 Kg8 42. h6 Rh1 43. h7+ Kg7 44. Rxb2 Rh6 45. Be4 Kf7 46. Rb8 Rh2
47. Bg6+ Kg7 48. Bh5 Kxh7 49. Rxf8 Rb2 50. Rf7+ Kg8 51. Rxe7 Rb6 52. Kf6 1-0

[Event "BPB Limburg open"]
[Site "Maastricht"]
[Date "2015.05.23"]
[Round "2"]
[White "Bezemer, Arno"]
[Black "Coenen, Michael"]
[Result "0-1"]
[WhiteElo "2292"]
[BlackElo "2428"]
[PlyCount "90"]
[EventDate "2015.05.22"]
[EventType "swiss"]
[EventRounds "7"]
[EventCountry "NED"]
[Source "P.Boonen"]
[SourceDate "2015.10.01"]

1. e4 c5 2. Nf3 d6 3. d4 cxd4 4. Nxd4 Nf6 5. Nc3 a6 6. h3 b5 7. g4 Bb7 8. Bg2
e6 9. g5 Nfd7 10. Be3 Nb6 11. Qg4 Nc4 12. Bc1 Qb6 13. Nde2 Nc6 14. b3 N4e5 15.
Qg3 Nb4 16. Kd1 Rc8 17. f4 Nd7 18. a3 Nc6 19. Qe3 Qc7 20. Bb2 b4 21. axb4 Nxb4
22. Rc1 Nb6 23. Nd4 d5 24. e5 Bc5 25. h4 Nc6 26. Nce2 a5 27. Rh3 Nd7 28. Nb5
Qb8 29. Nd6+ Kf8 30. Qd2 Bxd6 31. exd6 Qxd6 32. c4 Nb4 33. Nc3 Qb6 34. Ke2 Ba6
35. Kf3 Nc6 36. cxd5 Nd4+ 37. Kg4 Nxb3 38. Ba3+ Kg8 39. Na4 Nxd2 40. Rxc8+ Bxc8
41. Nxb6 Nxb6 42. dxe6 h5+ 43. gxh6 Rxh6 44. Rd3 Rg6+ 45. Kh5 Bxe6 0-1

[Event "BPB Limburg open"]
[Site "Maastricht"]
[Date "2015.05.23"]
[Round "2"]
[White "Blom, Vincent"]
[Black "Schiffers, Sascha"]
[Result "0-1"]
[WhiteElo "2243"]
[BlackElo "2103"]
[PlyCount "128"]
[EventDate "2015.05.22"]
[EventType "swiss"]
[EventRounds "7"]
[EventCountry "NED"]
[Source "P.Boonen"]
[SourceDate "2015.10.01"]

1. d4 Nf6 2. Nf3 d5 3. g3 e6 4. Bg2 Be7 5. O-O O-O 6. c4 dxc4 7. Ne5 c5 8. dxc5
Qc7 9. Nxc4 Bxc5 10. Nba3 Nc6 11. Bg5 Rd8 12. Nb5 Qb8 13. Qc1 Be7 14. Bf4 e5
15. Nxe5 Nxe5 16. Qc3 Nfd7 17. Nc7 Bf6 18. Nxa8 Qxa8 19. Qc7 Re8 20. Rad1 Bd8
21. Qc2 Nc6 22. a3 Nf8 23. b4 Bf6 24. Be3 Ne6 25. Be4 Ncd4 26. Bxd4 Nxd4 27.
Qd3 Bg4 28. Rfe1 g6 29. f3 Bf5 30. Bxf5 Nxf5 31. e4 Ng7 32. Qb5 a6 33. Qb6 Bd8
34. Qd6 b5 35. Qd7 Bb6+ 36. Kg2 Rd8 37. Qe7 Qc8 38. Rxd8+ Bxd8 39. Qd6 Qc2+ 40.
Kh1 Ne6 41. f4 Bc7 42. Qd1 Qc3 43. Kg2 Qxa3 44. f5 Nf8 45. e5 gxf5 46. Qd2 Ne6
47. Rf1 Bxe5 48. Rxf5 Qb2 49. Rf2 Qxd2 50. Rxd2 Bc3 51. Rd6 Bxb4 52. Rxa6 Bc3
53. Kf3 b4 54. Rb6 b3 55. Rb8+ Kg7 56. Ke4 b2 57. Kd3 Be5 58. Rb5 Kf6 59. Rb4
Nc5+ 60. Kc2 Kf5 61. g4+ Ke6 62. Rb6+ Kd5 63. Rh6 Ne4 64. Rh3 Kc4 0-1

[Event "BPB Limburg open"]
[Site "Maastricht"]
[Date "2015.05.23"]
[Round "2"]
[White "Boons, Bert"]
[Black "Mueller, Martin2"]
[Result "0-1"]
[WhiteElo "2000"]
[BlackElo "2079"]
[PlyCount "54"]
[EventDate "2015.05.22"]
[EventType "swiss"]
[EventRounds "7"]
[EventCountry "NED"]
[Source "P.Boonen"]
[SourceDate "2015.10.01"]

1. e4 c6 2. d4 d5 3. Nc3 dxe4 4. Nxe4 Bf5 5. Ng3 Bg6 6. Nf3 Nd7 7. Bd3 e6 8.
O-O Ngf6 9. Re1 Qc7 10. c3 O-O-O 11. Be3 Nd5 12. a4 Bd6 13. Ne4 Bxe4 14. Bxe4
Nxe3 15. fxe3 g5 16. h3 Rdg8 17. c4 g4 18. hxg4 Rxg4 19. Nd2 Rhg8 20. Bf3 Bh2+
21. Kf1 R4g7 22. Ke2 e5 23. d5 f5 24. e4 Qb6 25. Qb3 Rxg2+ 26. Bxg2 Rxg2+ 27.
Kd1 Rxd2+ 0-1

[Event "BPB Limburg open"]
[Site "Maastricht"]
[Date "2015.05.23"]
[Round "2"]
[White "Braun, Christian1"]
[Black "Schoorl, Rob"]
[Result "1-0"]
[WhiteElo "2424"]
[BlackElo "2334"]
[PlyCount "109"]
[EventDate "2015.05.22"]
[EventType "swiss"]
[EventRounds "7"]
[EventCountry "NED"]
[Source "P.Boonen"]
[SourceDate "2015.10.01"]

1. e4 e5 2. Nf3 Nc6 3. Bb5 Nge7 4. c3 a6 5. Ba4 g6 6. O-O Bg7 7. Re1 O-O 8. h3
b5 9. Bc2 d5 10. d3 h6 11. Be3 Be6 12. Bc5 Re8 13. a4 Rb8 14. axb5 axb5 15. b4
Qd7 16. Nbd2 g5 17. Bxe7 Nxe7 18. Nb3 Ng6 19. Nc5 Qc8 20. Nxe6 fxe6 21. d4 exd4
22. exd5 Nf4 23. Nxd4 Bxd4 24. Qxd4 exd5 25. Qf6 Re6 26. Rxe6 Qxe6 27. Qxe6+
Nxe6 28. Ra6 Rb6 29. Rxb6 cxb6 30. Bf5 Nc7 31. Kf1 d4 32. cxd4 Na6 33. Ke2 Nxb4
34. Kd2 Na6 35. Bd3 Nc7 36. Ke3 Kf7 37. Ke4 Ke6 38. Bc2 b4 39. Bb3+ Kd6 40. g3
Ne8 41. f4 Nf6+ 42. Kf3 b5 43. fxg5 hxg5 44. h4 gxh4 45. gxh4 Ke7 46. Kf4 Kf8
47. Kf5 Kg7 48. Ba2 Nh5 49. d5 Ng3+ 50. Ke5 Nf1 51. d6 Kf8 52. Ke6 Ke8 53. h5
Ng3 54. h6 Ne4 55. Ke5 1-0

[Event "BPB Limburg open"]
[Site "Maastricht"]
[Date "2015.05.23"]
[Round "2"]
[White "Broekmeulen, Jasper"]
[Black "Harff, Marcel"]
[Result "1/2-1/2"]
[WhiteElo "2394"]
[BlackElo "2344"]
[PlyCount "49"]
[EventDate "2015.05.22"]
[EventType "swiss"]
[EventRounds "7"]
[EventCountry "NED"]
[Source "P.Boonen"]
[SourceDate "2015.10.01"]

1. e4 e6 2. d3 d5 3. Nd2 Nf6 4. Ngf3 c5 5. g3 Nc6 6. Bg2 Be7 7. O-O b5 8. Re1
Bb7 9. a3 O-O 10. e5 Nd7 11. c3 Qb6 12. Nf1 d4 13. Bf4 a5 14. N1d2 dxc3 15.
bxc3 b4 16. Nc4 Qc7 17. d4 Nb6 18. Nd6 Nd5 19. dxc5 Nxc3 20. Qc2 Nd8 21. Bg5
Rb8 22. Bxe7 Qxe7 23. axb4 Bxf3 24. Bxf3 axb4 25. Ra6 1/2-1/2

[Event "BPB Limburg open"]
[Site "Maastricht"]
[Date "2015.05.23"]
[Round "2"]
[White "Broekmeulen, Joris"]
[Black "Timmermans, Ivo"]
[Result "1/2-1/2"]
[WhiteElo "2124"]
[BlackElo "2157"]
[PlyCount "39"]
[EventDate "2015.05.22"]
[EventType "swiss"]
[EventRounds "7"]
[EventCountry "NED"]
[Source "P.Boonen"]
[SourceDate "2015.10.01"]

1. c4 e5 2. g3 Nc6 3. Nc3 g6 4. Bg2 Bg7 5. e4 Nd4 6. Nge2 Nxe2 7. Qxe2 Ne7 8.
d3 d6 9. O-O Nc6 10. Be3 Be6 11. Nd5 O-O 12. Qd2 Nd4 13. Bxd4 exd4 14. Qb4 c6
15. Nf4 Qd7 16. Nxe6 fxe6 17. Bh3 Rab8 18. Qb3 Rfe8 19. Rac1 c5 20. Qd1 1/2-1/2

[Event "BPB Limburg open"]
[Site "Maastricht"]
[Date "2015.05.23"]
[Round "2"]
[White "Coenen, Siegfried"]
[Black "Boons, Patrick"]
[Result "0-1"]
[WhiteElo "2054"]
[BlackElo "2024"]
[PlyCount "112"]
[EventDate "2015.05.22"]
[EventType "swiss"]
[EventRounds "7"]
[EventCountry "NED"]
[Source "P.Boonen"]
[SourceDate "2015.10.01"]

1. e4 d5 2. exd5 Nf6 3. d4 Nxd5 4. c4 Nf6 5. Nc3 g6 6. Be2 Bg7 7. Be3 Nc6 8.
Nf3 Ng4 9. O-O Nxe3 10. fxe3 O-O 11. a3 e5 12. d5 Ne7 13. e4 f5 14. Ng5 h6 15.
Ne6 Bxe6 16. dxe6 c6 17. Qxd8 Raxd8 18. Rad1 Rd4 19. Rf3 Rfd8 20. c5 Bf6 21. g4
f4 22. Bd3 g5 23. b3 Ng6 24. Ne2 Rxe4 25. Re1 Rxe2 26. Rxe2 Nh4 27. Rh3 f3 28.
Re3 Kf8 29. Rhxf3 Nxf3+ 30. Rxf3 Ke7 31. Bf5 Rd2 32. Rh3 Bg7 33. Kf1 Rd4 34.
Ke2 Kd8 35. Rh5 Ke7 36. h4 gxh4 37. Rxh4 Kf6 38. Rh5 Rd5 39. g5+ hxg5 40. Rxg5
Bf8 41. Rh5 e4 42. Rh8 Rxf5 43. Rxf8+ Kxe6 44. Rb8 Rf7 45. b4 Kd5 46. Rd8+ Kc4
47. Re8 Kb3 48. Rxe4 Kxa3 49. Kd3 Rf3+ 50. Kc4 Rb3 51. Re1 Rxb4+ 52. Kc3 Rb3+
53. Kc4 Ka2 54. Rh1 a5 55. Ra1+ Kxa1 56. Kxb3 Kb1 0-1

[Event "BPB Limburg open"]
[Site "Maastricht"]
[Date "2015.05.23"]
[Round "2"]
[White "Commercon, Simon"]
[Black "Lombaers, Peter"]
[Result "1/2-1/2"]
[WhiteElo "2216"]
[BlackElo "2371"]
[PlyCount "38"]
[EventDate "2015.05.22"]
[EventType "swiss"]
[EventRounds "7"]
[EventCountry "NED"]
[Source "P.Boonen"]
[SourceDate "2015.10.01"]

1. d4 f5 2. g3 Nf6 3. Bg2 g6 4. c4 Bg7 5. Nf3 d6 6. b3 O-O 7. Bb2 c6 8. O-O a5
9. Nc3 Qc7 10. d5 Na6 11. Nd4 e5 12. dxe6 Nc5 13. Qd2 Nxe6 14. Nxe6 Bxe6 15.
Rad1 Rfd8 16. e3 d5 17. cxd5 Nxd5 18. Nxd5 Bxd5 19. Qc2 Bxg2 1/2-1/2

[Event "BPB Limburg open"]
[Site "Maastricht"]
[Date "2015.05.23"]
[Round "2"]
[White "Dalemans, Diana"]
[Black "Keetman, Maaike"]
[Result "1/2-1/2"]
[WhiteElo "2012"]
[BlackElo "2194"]
[PlyCount "76"]
[EventDate "2015.05.22"]
[EventType "swiss"]
[EventRounds "7"]
[EventCountry "NED"]
[Source "P.Boonen"]
[SourceDate "2015.10.01"]

1. e4 c5 2. Nf3 e6 3. Nc3 a6 4. d4 cxd4 5. Nxd4 Qc7 6. Bd3 Nf6 7. O-O Nc6 8.
Be3 Ne5 9. h3 Bc5 10. Kh1 d6 11. f4 Ng6 12. Qe1 O-O 13. f5 Ne5 14. Be2 b5 15.
a3 Qb6 16. Rd1 exf5 17. b4 Bxd4 18. Bxd4 Qc6 19. exf5 Bb7 20. Qg3 Rfe8 21. Bf3
Qc7 22. Bxb7 Qxb7 23. Rfe1 Qc7 24. Re2 Rac8 25. Red2 Kh8 26. Re1 Qc6 27. Rde2
Qc4 28. Qf2 Rc7 29. Ne4 Nxe4 30. Rxe4 Qxc2 31. Qxc2 Rxc2 32. Bxe5 dxe5 33. Rxe5
Rxe5 34. Rxe5 h6 35. Rc5 Ra2 36. Rc3 h5 37. h4 Kh7 38. Kh2 Ra1 1/2-1/2

[Event "BPB Limburg open"]
[Site "Maastricht"]
[Date "2015.05.23"]
[Round "2"]
[White "Dambacher, Martijn"]
[Black "Henrichs, Thomas"]
[Result "1-0"]
[WhiteElo "2483"]
[BlackElo "2471"]
[PlyCount "79"]
[EventDate "2015.05.22"]
[EventType "swiss"]
[EventRounds "7"]
[EventCountry "NED"]
[Source "P.Boonen"]
[SourceDate "2015.10.01"]

1. d4 Nf6 2. c4 e6 3. Nc3 Bb4 4. e3 O-O 5. Bd3 d5 6. Nf3 c5 7. O-O cxd4 8. exd4
dxc4 9. Bxc4 b6 10. Bg5 Bb7 11. Qe2 Nbd7 12. Rac1 Qb8 13. Ne5 Nxe5 14. dxe5
Bxc3 15. bxc3 Ne4 16. Bf4 Rc8 17. Rfe1 Qc7 18. Bd3 Nc5 19. Bc2 f5 20. Red1 Qc6
21. f3 Ba6 22. c4 Nb7 23. Bb3 Rd8 24. h4 Rxd1+ 25. Rxd1 Rd8 26. Rxd8+ Nxd8 27.
Qd2 Nb7 28. Be3 Qc7 29. Qd4 Nc5 30. Bc2 Nd7 31. Ba4 Nc5 32. Qd6 Qc8 33. Bb5 Bb7
34. Qe7 Bc6 35. Bxc5 Bxb5 36. cxb5 bxc5 37. Qxa7 c4 38. b6 Qc5+ 39. Kf1 c3 40.
Qb8+ 1-0